ბათუმის შოთა რუსთაველის სახელმწიფო უნივერსიტეტის ბიბლიოთეკა

თხზულებათა სრული კრებული : 15 ტომად. ტ.4 (ბიბ.ჩანაწერი № 48747)

000 -LEADER
fixed length control field 00956nam a2200229Ia 4500
001 - CONTROL NUMBER
control field 15648
003 - CONTROL NUMBER IDENTIFIER
control field GE_BSU
008 - FIXED-LENGTH DATA ELEMENTS--GENERAL INFORMATION
fixed length control field 181216s||||||||xx |||||||||||||| ||und||
040 ## - CATALOGING SOURCE
Transcribing agency GE_BSU
080 ## - UNIVERSAL DECIMAL CLASSIFICATION NUMBER
Universal Decimal Classification number 821.353.1-1
100 ## - MAIN ENTRY--PERSONAL NAME
Personal name წერეთელი, ა.
245 ## - TITLE STATEMENT
Title თხზულებათა სრული კრებული : 15 ტომად. ტ.4
245 ## - TITLE STATEMENT
Remainder of title ლექსები
245 ## - TITLE STATEMENT
Statement of responsibility, etc. რედ.: შ. რადიანი ; ტექსტები და ვარიანტები დაამუშავა ს. ყუბანეიშვილმა. ტომის რედ. გ. აბზიანიძე
260 ## - PUBLICATION, DISTRIBUTION, ETC.
Place of publication, distribution, etc. თბილისი
260 ## - PUBLICATION, DISTRIBUTION, ETC.
Name of publisher, distributor, etc. სახელგამი
260 ## - PUBLICATION, DISTRIBUTION, ETC.
Date of publication, distribution, etc. 1955
300 ## - PHYSICAL DESCRIPTION
Extent 499 გვ. : 1 ფ. პორტრ.20 სმ
653 ## - INDEX TERM--UNCONTROLLED
Uncontrolled term თხზულებათა სრული კრებული
653 ## - INDEX TERM--UNCONTROLLED
Uncontrolled term ლექსები
942 ## - ADDED ENTRY ELEMENTS (KOHA)
Koha item type წიგნი
ეგზემპლარები
Withdrawn status Lost status Damaged status Not for loan Date acquired Barcode Date last seen Price effective from Koha item type
        2018-12-17 38816 2018-12-17 2018-12-17 წიგნი
        2018-12-17 38817 2018-12-17 2018-12-17 წიგნი
        2018-12-17 38818 2018-12-17 2018-12-17 წიგნი
        2018-12-17 38819 2018-12-17 2018-12-17 წიგნი
        2018-12-17 38820 2018-12-17 2018-12-17 წიგნი
        2018-12-17 38821 2018-12-17 2018-12-17 წიგნი
        2018-12-17 38822 2018-12-17 2018-12-17 წიგნი
        2018-12-17 38823 2018-12-17 2018-12-17 წიგნი
        2018-12-17 38824 2018-12-17 2018-12-17 წიგნი
        2018-12-17 38825 2018-12-17 2018-12-17 წიგნი
        2018-12-17 38826 2018-12-17 2018-12-17 წიგნი
        2018-12-17 38827 2018-12-17 2018-12-17 წიგნი